| Tag |
First Indicator |
Second Indicator |
Subfields |
| LEADER |
00000cam a2200000 a 4500 |
| 001 |
in00000072538 |
| 005 |
20151008053439.0 |
| 008 |
900109s1963 gt b b 000 0 spa d |
| 010 |
|
|
|a 65031362
|
| 016 |
7 |
|
|a 002766201
|2 Uk
|
| 019 |
|
|
|a 1702961
|a 1203003244
|
| 029 |
1 |
|
|a AU@
|b 000009232307
|
| 035 |
|
|
|a (OCoLC)20867113
|
| 040 |
|
|
|a CSL
|b eng
|c CSL
|d FUG
|d UKMGB
|d OCLCQ
|d OCLCF
|d OCLCQ
|d OCLCO
|d GZM
|d OCLCQ
|d OCLCO
|
| 043 |
|
|
|a ncgt---
|
| 049 |
|
|
|a JLFA
|
| 050 |
0 |
0 |
|a HD356
|b .P3
|
| 050 |
|
4 |
|a HD356
|b .P3 1963
|
| 082 |
0 |
4 |
|a 333.097281
|b P227r
|
| 092 |
|
|
|a 333.097281
|b P227r
|
| 100 |
1 |
|
|a Paredes Moreira, José Luis.
|
| 245 |
1 |
0 |
|a Reforma agraria :
|b una experiencia en Guatemala /
|c José Luis Paredes Moreira.
|
| 260 |
|
|
|a Guatemala :
|b Imprenta Universitaria,
|c 1963.
|
| 264 |
|
1 |
|a Guatemala :
|b [publisher not identified],
|c 1963.
|
| 300 |
|
|
|a 195 pages :
|b maps ;
|c 23 cm
|
| 336 |
|
|
|a text
|b txt
|2 rdacontent
|
| 337 |
|
|
|a unmediated
|b n
|2 rdamedia
|
| 338 |
|
|
|a volume
|b nc
|2 rdacarrier
|
| 502 |
|
|
|b licenciatura en ciencias economicas
|c Universidad de San Carlos de Guatemala.
|
| 504 |
|
|
|a Includes bibliographical references (pages 187-189).
|
| 650 |
|
0 |
|a Land tenure
|z Guatemala.
|
| 651 |
|
7 |
|a Guatemala.
|2 fast
|0 (OCoLC)fst01205154
|
| 776 |
0 |
8 |
|i Online version:
|a Paredes Moreira, José Luis.
|t Reforma agraria.
|d Guatemala : Imprenta Universitaria, 1963
|w (OCoLC)948929730
|
| 999 |
|
|
|a MARS
|
| 999 |
f |
f |
|s 10f362ee-44a9-3bf1-b9b0-933e2e4a4cb0
|i b5c9a5de-3eb0-31cf-b7b5-39140b94aa37
|t 0
|
| 952 |
f |
f |
|p ric
|a Texas A&M University
|b Rellis Campus
|c Joint Library Facility
|s JLF
|d Remote Storage
|t 0
|e HD356 .P3
|h Library of Congress classification
|i unmediated -- volume
|m A14806125431
|